000 00430nam a22001697a 4500
005 20180821122806.0
008 160524b xxu||||| |||| 00| 0 eng d
020 _a81-2970223-1
041 _aeng
082 _b4493
_a658.4012
100 _aDavid. Fred R.
_92312
245 _aStrategic Management: concepts and cases
260 _aNew Delhi
_bAcademic Faundation
300 _a458p,
650 _aManagement
_9241
942 _cBK
999 _c1509
_d1509